| 000 | 00545nam a22001817a 4500 | ||
|---|---|---|---|
| 003 | BUBTL | ||
| 008 | 190325b xxu||||| |||| 00| 0 eng d | ||
| 020 | _a0-89464-737-7 | ||
| 082 | _a627 / CHF | ||
| 100 |
_92202 _aChang, Howard H. |
||
| 245 |
_aFluvial processes in river engineering / _cHoward H Chang |
||
| 260 |
_aMalabar _bKrieger Publishing Company, _cc1988. |
||
| 300 |
_axiii, 432 p. : _c21 cm. |
||
| 650 | 0 |
_92203 _aCivil Engineering |
|
| 856 |
_k0 _l0 _yDownload |
||
| 942 |
_2ddc _cBK |
||
| 999 |
_c5923 _d5923 |
||